00882cam a22002291 4500001001300000003000400013005001700017008004100034010001700075035002000092040002500112050001700137100004500154245007900199260004800278300004900326490006200375500007900437504002500516650003600541810007500577f 32000005 DLC20260227111249.0950816s1932 dcua b 000 0 eng  af 32000005  a(OCoLC)34439146 aDLCcNNCdOCoLCdDLC00aTX612.F5bL41 aLemon, J. M.q(James McWilliams),d1891-10aReducing the shrinkage of frozen fish in cold storage,cby James M. Lemon. aWashington,bU.S. Govt. print. off.,c1932. a1 p. l., 12 p.bincl. tables, diagr.c23 cm.1 a[U.S.] Bureau of Fisheries. Investigational reportvno. 9 aAt head of title: U. S. Department of Commerce ... Bureau of Fisheries ... aBibliography: p. 12. 0aFishery productsxPreservation.1 aUnited States.bBureau of Fisheries.tInvestigational report ;vno. 9.